Theory Of Ordinary Differential Equations (Record no. 1086)

MARC details
000 -LEADER
fixed length control field 00309nam a22001337a 4500
041 ## - LANGUAGE CODE
Language code of text/sound track or separate title ENG
100 ## - MAIN ENTRY--PERSONAL NAME
Personal name Coddington .E.A
245 ## - TITLE STATEMENT
Title Theory Of Ordinary Differential Equations
260 ## - PUBLICATION, DISTRIBUTION, ETC. (IMPRINT)
Place of publication, distribution, etc Delhi
Name of publisher, distributor, etc Tata McGraw Hill
Date of publication, distribution, etc 1999
300 ## - PHYSICAL DESCRIPTION
Extent 429
650 ## - SUBJECT ADDED ENTRY--TOPICAL TERM
Topical term or geographic name as entry element Mathes
700 ## - ADDED ENTRY--PERSONAL NAME
Personal name Levinson .N
856 ## - ELECTRONIC LOCATION AND ACCESS
Uniform Resource Identifier M.Tech
Holdings
Withdrawn status Lost status Source of classification or shelving scheme Damaged status Not for loan Home library Current library Shelving location Date acquired Cost, normal purchase price Total Checkouts Barcode Date last seen Price effective from Koha item type
    Dewey Decimal Classification     College of Agricultural Engineering and Technology, Dapoli , Library College of Agricultural Engineering and Technology, Dapoli , Library Book Cart 15/09/2021 385.00   006144 15/09/2021 15/09/2021 Books
    Dewey Decimal Classification     College of Agricultural Engineering and Technology, Dapoli , Library College of Agricultural Engineering and Technology, Dapoli , Library Book Cart 15/09/2021 385.00   006145 15/09/2021 15/09/2021 Books

Contact Us: College of Agricultural Engineering and Technology, Dapoli, Dist.- Ratnagiri
Website: https://dbskkv.org Email: caetlibrary2015@gmail.com